000 00828nam a2200217Ia 4500
999 _c40816
_d40816
001 7456
003 GE_BSU
005 20231211173546.0
008 181216s1990||||ge |||||||||||||| ||geo||
040 _cGE_BSU
041 _ageo
080 _a821.353.1-32 დ-30
100 _aდეკანოსიძე, ლალი
_920665
245 _aდედოფლის სევდა :
_bმოთხრობები /
_cლალი დეკანოსიძე ; რედ: ლია არაბიძე.
264 _aთბილისი :
_bმერანი,
_c1990.
300 _a149 გვ. ;
_c16 სმ.
653 _aდედოფლის სევდა
653 _aმოთხრობები
700 _aარაბიძე, ლია
_eრედაქტორი
_920666
942 _cBK
_2udc